000 00700nam a2200241 a 4500
001
003 OSt
005 20220315083053.0
008 100915s1999 dr abc r 000 0 spa d
040 _aDO-SdBNP
_bspa
_cBPMSU
082 _a972.91
_bB742c 1999
_222
100 1 _a Bosch, Juan,
_d1909-2001
_91
245 1 0 _aCuba, la isla fascinante /
_cJuan Bosch.
260 _aSanto Domingo :
_b Editorial Universitaria,
_c1999.
300 _a252 p. :
_bil., maps., retr. ;
_c22 cm.
490 0 _aAmérica nuestra
590 _aInventariado, 2022/VM
651 4 _aCuba
_xHistoria
651 4 _aCuba
_xCivilización
651 4 _aCuba
_xDescripciones y viajes
910 _aVMateo V.
942 _2ddc
_cBK
999 _c14075
_d14075